Asia-pacific economies : A survey

Contents: Pt. I. Asia-Pacific economic development: selected issues and themes. 1. The emergence of an integrated Asia-Pacific economy. 2. Public policy and political economy. 3. Macroeconomic stabilisation and economic performance. 4. The financial system and economic development. 5. Labour market...

Full beskrivning

Sparad:
Bibliografiska uppgifter
Huvudupphovsman: Islam, Iyanatul
Materialtyp: Bok
Språk:Undetermined
Publicerad: London Routledge 1997
Ämnen:
Taggar: Lägg till en tagg
Inga taggar, Lägg till första taggen!
Thư viện lưu trữ: Trung tâm Học liệu Trường Đại học Cần Thơ
LEADER 01169nam a2200229Ia 4500
001 CTU_222224
008 210402s9999 xx 000 0 und d
020 |c 6.64 
082 |a 330.95 
082 |b I.82 
100 |a Islam, Iyanatul 
245 0 |a Asia-pacific economies : 
245 2 |b A survey 
245 0 |c Iyanatul Islam and Anis Chowdhury 
260 |a London 
260 |b Routledge 
260 |c 1997 
520 |a Contents: Pt. I. Asia-Pacific economic development: selected issues and themes. 1. The emergence of an integrated Asia-Pacific economy. 2. Public policy and political economy. 3. Macroeconomic stabilisation and economic performance. 4. The financial system and economic development. 5. Labour market institutions, human resources and economic performance. 6. Managing the environment in rapidly industrialising economies. 7. Poverty, inequality and economic development. 8. Epilogue: Democracy and development in the Asia-Pacific region 
650 |a Đông Nam Á,Southeast Asia 
650 |x Chính sách kinh tế,Economic policy 
904 |i Nguyễn An Khang,Hải 
980 |a Trung tâm Học liệu Trường Đại học Cần Thơ